000 00695nam a2200253Ia 4500
003 OSt
005 20220927110409.0
006 a|||||r|||| 00| 0
007 ta
008 220926b |||||||| |||| 00| 0 eng d
024 _a56646
037 _cReports
040 _aRTL
_cRTL
_beng
041 _2eng
_aeng
082 _a"X:958, N4"
100 _aMagnussen Knut A
_9377648
245 0 _a"Old age pensions, retirement behavior and personel"
260 _aOslo
_bStatistics Norway
_c1994
300 _a69p.
_ccm.
500 _aSocial and economic studies
650 _aSocial Security
_9351364
942 _h"X:958, N4"
_cCC
999 _c696358
_d696358